00454 2200169 4500001002100000005001700021008004100038020001800079035002500097041000700122082001200129090001800141100001700159245005400176260004200230650001200272INLIS0000000000041100:yyyyMMddHHmmss180719||||||||| | ||| |||| || |  a979-22-2750-4 a0010-031300000004110 aid0 a641.680 a641.680 HID c0 akoko hidayat00aCrescent Cookies : variasi kue kering putri salju aJakartabGramedia pustaka utamac2007 0aCookies